| 000 | 00661nam a2200217Ia 4500 | ||
|---|---|---|---|
| 999 |
_c4367 _d4367 |
||
| 020 | _a1-85604-510-2 | ||
| 082 | _a025.04 MCM-D | ||
| 100 | _aMcMenemy, David | ||
| 245 | 0 | _aDelivering digital services: a handbook for public libraries and learning centre | |
| 260 |
_aLondon _bFacet Publishing _c2005 |
||
| 300 | _axv, 184 | ||
| 504 | _aincludes index | ||
| 650 |
_aDigital libraries _vAdministration |
||
| 650 |
_aPublic libraries _vReference services |
||
| 650 | _aInformation storage and retrieval systems | ||
| 650 | _aInformation technology | ||
| 650 | _aLearning resource centres | ||
| 650 | _aAutomation | ||
| 700 | _aPoulter, Alan | ||
| 942 | _cBK | ||